Economics of irrigation rates : (Record no. 190856)

MARC details
000 -LEADER
fixed length control field 01211nam a2200337 a 4500
001 - CONTROL NUMBER
control field vtls000184467
003 - CONTROL NUMBER IDENTIFIER
control field NLI
005 - DATE AND TIME OF LATEST TRANSACTION
control field 20210602111256.0
008 - FIXED-LENGTH DATA ELEMENTS--GENERAL INFORMATION
fixed length control field 101125s1968 ii a 001 0 eng
020 ## - INTERNATIONAL STANDARD BOOK NUMBER
Terms of availability Rs. 35.00
039 #9 - LEVEL OF BIBLIOGRAPHIC CONTROL AND CODING DETAIL [OBSOLETE]
-- 201011252218
-- VLOAD
040 ## - CATALOGING SOURCE
Original cataloging agency NLI
Language of cataloging eng
Transcribing agency Datasoft 1
Description conventions AACR2
041 0# - LANGUAGE CODE
Language code of text/sound track or separate title eng
044 ## - COUNTRY OF PUBLISHING/PRODUCING ENTITY CODE
MARC country code ii
082 04 - DEWEY DECIMAL CLASSIFICATION NUMBER
Classification number 333.913
100 1# - MAIN ENTRY--PERSONAL NAME
Personal name Ansari, Nasim
9 (RLIN) 349016
245 10 - TITLE STATEMENT
Title Economics of irrigation rates :
Remainder of title a study in Punjab and Uttar Pradesh /
Statement of responsibility, etc. Nasim Ansari
260 ## - PUBLICATION, DISTRIBUTION, ETC.
Place of publication, distribution, etc. Calcutta :
Name of publisher, distributor, etc. Asia Pub. House,
Date of publication, distribution, etc. 1968
300 ## - PHYSICAL DESCRIPTION
Extent xv, 360 p. :
Other physical details ill. ;
Dimensions 22 cm.
500 ## - GENERAL NOTE
General note At head of title: Agricultural Economics Research Centre University of Delhi
500 ## - GENERAL NOTE
General note Includes index
650 #0 - SUBJECT ADDED ENTRY--TOPICAL TERM
Topical term or geographic name entry element Irrigation
Geographic subdivision India
-- Punjab
General subdivision Rates
9 (RLIN) 359510
650 #0 - SUBJECT ADDED ENTRY--TOPICAL TERM
Topical term or geographic name entry element Irrigation
Geographic subdivision India
-- Uttar Pradesh
General subdivision Rates
9 (RLIN) 359511
710 1# - ADDED ENTRY--CORPORATE NAME
Corporate name or jurisdiction name as entry element University of Delhi.
Subordinate unit Agricultural Economic Research Centre
9 (RLIN) 359512
887 ## - NON-MARC INFORMATION FIELD
Content of non-MARC field
901 ## - LOCAL DATA ELEMENT A, LDA (RLIN)
a DB15098
b 09.09.1969
902 ## - LOCAL DATA ELEMENT B, LDB (RLIN)
a E 333.913 An 81
942 ## - ADDED ENTRY ELEMENTS (KOHA)
Source of classification or shelving scheme Dewey Decimal Classification
Koha item type Books
949 ## - LOCAL PROCESSING INFORMATION (OCLC)
-- VIRTUAITEM
-- 10000
-- 100
6 DBA000015098ENG
Holdings
Withdrawn status Lost status Damaged status Not for loan Collection code Home library Current library Shelving location Date acquired Total Checkouts Full call number Barcode Date last seen Price effective from Koha item type
        New English National Library of India National Library of India New English - Main Stack Division     E 333.913 An 81 DBA000015098ENG 02/06/2021 02/06/2021 Books
                                                                           
web counter

Copyright ©2020 The National Library of India, Govt. of India ↔ Hosted by NVLI, MOC ↔ Technology and Design by National Library of India, Ministry of Culture, Govt. of India